00529nam a22001817a 450000500170000001000170001702000250003403500170005903700170007608200100009310000250010324500590012826000330018727000420022030000210026250000230028370000410030620130529114746.0 aB-497147-159 a9788176211123c95.00 aB-497147-159 adplbUBH/Ven a863.1 aTagore, Rabindranath aGitanjali:c introducing by W.B.YeatsbSong Offerings/ aNew DelhibFull Circlec2012 aJ-40, Jorbagh LanebNew Delhie110003 a128p.c22cm(pbk) ait includes index. aTranslated by Ratan K. Chattopadhyay